Je láska hriechom

Bibliographic Details
Main Author: Zlatňanská, Elena (Author)
Format: Book
Language:Slovak
PhysicalDescription:32, [i] s. 4°
Published: Bratislava Bibliotheka, úč. spol. 1944
Subjects:

MARC

LEADER 00000nam a2200000 a 4500
001 vtls008407447
003 SK-MaSNL
005 20260301221641.0
008 181118s1944 xo slo
015 |a SKSNBA19421945-136/3271 
035 |a SK01SNKBKSD220020099664 
035 |a SKM000102127 
040 |a SNK  |b slo  |c SNK  |e AACR2 
041 1 |a slo 
044 |a xo  |c SK 
080 |a 885.4-3  |2 1981 
100 1 |a Zlatňanská, Elena  |4 aut  |9 347279 
245 1 0 |a Je láska hriechom  |c Elena Zlatňanská 
260 |a Bratislava  |b Bibliotheka, úč. spol.  |c 1944  |e Bratislava  |f Štát. kníhtlač. 
300 |a 32, [i] s.  |c 4° 
563 |a Ks 4 
650 0 7 |a slovenské romány  |2 SNK  |9 103163 
655 7 |a umelecká literatúra  |2 SNKPH  |9 60405 
958 |a OND 
958 |a RK 
958 |a TL 
999 |c 936814  |d 938744 
952 |a SNK  |b SNK  |y PREZ  |7 0  |p 17A0810754  |o snkSB 2339 D1  |i snk2014/23340  |8 3  |g 4.00  |0 0  |1 0  |4 0  |d 2014-10-28  |l 0  |r 2026-02-24 09:06:36  |w 2026-02-24